US Cities Represented In All 4 Major Sports Leagues - Statistics

General Stats
  • This quiz has been taken 151 times
  • The average score is 12 of 13
Answer Stats
Answer % Correct
Los Angeles
98%
New York
97%
Miami
96%
Chicago
95%
Dallas
95%
Boston
94%
Philadelphia
91%
Detroit
86%
Minneapolis
84%
Washington
83%
San Francisco
82%
Denver
81%
Phoenix
79%
No matching quizzes found
Score Distribution
Percent of People with Each Score
Percentile by Number Answered
Your Score History
You have not taken this quiz